Central Library OPAC University of Rajshahi

Municipal trading : (Record no. 5718)

MARC details
000 -LEADER
fixed length control field 00730nam a2200241 a 4500
001 - CONTROL NUMBER
control field 5718
003 - CONTROL NUMBER IDENTIFIER
rucl marc code UkOxU
005 - DATE AND TIME OF LATEST TRANSACTION
control field 20211208234121.0
008 - FIXED-LENGTH DATA ELEMENTS--GENERAL INFORMATION
fixed length control field 07 s1941 enk b 001 0 eng
035 ## - SYSTEM CONTROL NUMBER
System control number 41-01653
040 ## - CATALOGING SOURCE
Original cataloging agency Harvard Univ. Library
Transcribing agency ABC
Modifying agency ABC
Language of cataloging eng
041 ## - LANGUAGE CODE
Language code of text/sound track or separate title eng
082 ## - DEWEY DECIMAL CLASSIFICATION NUMBER
Classification number 380.16724
Author mark and year FIM 1941
100 1# - MAIN ENTRY--PERSONAL NAME
Personal name Finer, Herman,
Dates associated with a name 1898-1969.
9 (RLIN) 17944
245 10 - TITLE STATEMENT
Title Municipal trading :
Remainder of title a study in public administration /
Statement of responsibility, etc. by Herman Finer
260 ## - PUBLICATION, DISTRIBUTION, ETC. (IMPRINT)
Place of publication, distribution, etc. London :
Name of publisher, distributor, etc. G. Allen & Unwin,
Date of publication, distribution, etc. 1941
300 ## - PHYSICAL DESCRIPTION
Pagination 431 p. ;
Size 23 cm
504 ## - BIBLIOGRAPHY, ETC. NOTE
Bibliography, etc Bibliographical foot-notes
650 #0 - SUBJECT ADDED ENTRY--TOPICAL TERM
Topical term or geographic name as entry element Municipal ownership
Geographic subdivision Great Britain
9 (RLIN) 17945
Topical term or geographic name as entry element Public utilities
Geographic subdivision Great Britain
9 (RLIN) 17946
942 ## - ADDED ENTRY ELEMENTS (KOHA)
Source of classification or shelving scheme Dewey Decimal Classification
Koha item type Books
Holdings
Lost status Source of classification or shelving scheme Damaged status Not for loan Collection code Permanent Location Current Location Shelving location Date acquired Source of acquisition Cost, normal purchase price Total Checkouts Full call number Date last seen Copy number Koha item type
  Dewey Decimal Classification   Not For Loan Non-fiction Central Library, University of Rajshahi Central Library, University of Rajshahi   07/11/1961 Dr. Fluno 516.00   380.16724 FIM 1941 07/01/2014 C-1 Books